00246nam a2200109Ia 4500008004100000100001000041245001400051260003700065650001000102942000700112999001700119190216s9999||||xx |||||||||||||| ||und|| aV K N 0aSindikket bMathrubhumi Printing &publishing aNovel cBK c26099d26099